Losowe francuskie liczebniki 0-100 - Statystyki

Ogólne statystyki
  • Ten quiz został rozwiązany 453 razy
  • Średni wynik to 9 z 14
Statystyki odpowiedzi
Liczba Liczebnik % Poprawnych
3 trois
90%
24 vingt-quatre
85%
11 onze
84%
13 treize
84%
60 soixante
83%
62 soixante-deux
83%
5 cinq
81%
2 deux
81%
87 quatre-vingt-sept
80%
97 quatre-vingt-dix-sept
79%
6 six
79%
1 un
79%
21 vingt et un
79%
49 quarante-neuf
78%
56 cinquante-six
77%
10 dix
76%
33 trente-trois
76%
9 neuf
75%
22 vingt-deux
75%
19 dix-neuf
74%
17 dix-sept
74%
14 quatorze
74%
34 trente-quatre
74%
23 vingt-trois
74%
43 quarante-trois
73%
72 soixante-douze
73%
66 soixante-six
73%
100 cent
71%
52 cinquante-deux
71%
51 cinquante et un
71%
85 quatre-vingt-cinq
71%
91 quatre-vingt-onze
71%
8 huit
70%
20 vingt
70%
55 cinquante-cinq
69%
81 quatre-vingt-un
69%
70 soixante-dix
69%
63 soixante-trois
69%
57 cinquante-sept
68%
18 dix-huit
68%
7 sept
68%
27 vingt-sept
68%
54 cinquante-quatre
67%
40 quarante
67%
46 quarante-six
67%
16 seize
67%
29 vingt-neuf
67%
0 zéro
67%
4 quatre
65%
28 vingt-huit
65%
44 quarante-quatre
64%
26 vingt-six
64%
58 cinquante-huit
63%
53 cinquante-trois
63%
84 quatre-vingt-quatre
63%
79 soixante-dix-neuf
63%
32 trente-deux
63%
36 trente-six
63%
86 quatre-vingt-six
62%
25 vingt-cinq
62%
80 quatre-vingts
61%
64 soixante-quatre
61%
15 quinze
60%
35 trente-cinq
60%
68 soixante-huit
59%
30 trente
58%
38 trente-huit
58%
50 cinquante
57%
59 cinquante-neuf
57%
12 douze
57%
90 quatre-vingt-dix
56%
93 quatre-vingt-treize
56%
77 soixante-dix-sept
56%
45 quarante-cinq
55%
47 quarante-sept
55%
99 quatre-vingt-dix-neuf
55%
89 quatre-vingt-neuf
55%
78 soixante-dix-huit
55%
92 quatre-vingt-douze
53%
73 soixante-treize
52%
41 quarante et un
50%
71 soixante et onze
50%
61 soixante et un
50%
69 soixante-neuf
50%
74 soixante-quatorze
50%
39 trente-neuf
50%
37 trente-sept
50%
48 quarante-huit
47%
94 quatre-vingt-quatorze
47%
83 quatre-vingt-trois
47%
65 soixante-cinq
46%
75 soixante-quinze
46%
76 soixante-seize
46%
98 quatre-vingt-dix-huit
45%
95 quatre-vingt-quinze
44%
96 quatre-vingt-seize
44%
31 trente et un
44%
42 quarante-deux
43%
82 quatre-vingt-deux
41%
67 soixante-sept
40%
88 quatre-vingt-huit
39%
Nie znaleziono quizów pasujących do podanych kryteriów
Rozkład punktacji
Procent ludzi z każdym wynikiem
Percentyl według liczby udzielonych odpowiedzi
Twoja historia wyników
Nie rozwiązałeś tego quizu